Zgadnij rasę psa ale to wersja hard - Statystyki

Ogólne statystyki
  • Ten quiz został rozwiązany 23 razy
  • Średni wynik to 4 z 8
Statystyki odpowiedzi
Obrazkowy Odpowiedź % Poprawnych
Owczarek Niemiecki / Wilczur
100%
Owczarek Podhalański
67%
Owczarek Australijski
50%
Mastif Tybetański
44%
Owczarek Belgijski
44%
Owczarek Kaukaski
33%
Owczarek Szetlandzki
28%
Owczarek Środkowoazjatycki
11%
Nie znaleziono quizów pasujących do podanych kryteriów
Rozkład punktacji
Procent ludzi z każdym wynikiem
Percentyl według liczby udzielonych odpowiedzi
Twoja historia wyników
Nie rozwiązałeś tego quizu